000 00509nam a2200193Ia 4500
005 20250326141118.0
008 250326s9999 xx 000 0 und d
020 _a0 273 62063 0
037 _aTextbook
040 _aFMSL
_beng
_cFMSL
041 _aeng
_2eng
084 _aX:8 N6
_qFMSL
100 _aMolden D
_9743733
245 0 _aManaging with the power of NLP
_cMolden D
260 _aLondon
_bLondon, Pittman
_c1996
300 _a282p
942 _cTB
_hX:8 N6
999 _c1288751
_d1288751